[Event "Clark Harmon Memorial"]
[Site "Seattle, WA"]
[Date "2016.04.09"]
[Round "1"]
[White "Varner Murlin  (WA)"]
[Black "Kou Jeffrey  (WA)"]
[Result "0-1"]
[WhiteElo "1596"]
[BlackElo "1230"]
[Annotator ""]
[Source ""]
[Remark "Reserve"]

1.c4 c6 2.Nc3 d5 3.cxd5 ( 3.d4 ) cxd5 4.d4 Nf6 5.g3 Nc6 6.e3
Bf5 7.Bg2 Qd7 8.Nge2 Nb4 9.O-O e6 10.a3 Nc6 11.Bd2 Bd6 12.Rc1
( 12.f3 ) h5 13.Nb5 h4 14.Nxd6+ Qxd6 15.Nc3 ( 15.Qb3 ) hxg3 16.hxg3
Bd3 17.Ne2 Ne4 18.Bxe4 {?} ( 18.Re1 ) Bxe4 19.f3 Bd3 20.Kf2 Bxe2
( 20...Rh2+ 21.Kg1 Bxe2 ) 21.Kxe2 Qxg3 22.Rg1 Rh2+ 23.Kd3 Qh3
24.Rxg7 Qf5+ 25.Kc3 Ne7 26.Kb4 a5+ 27.Kb3 Qd3+ 28.Bc3 Qxe3
( 28...Qc4# ) 29.Qf1 b6 30.Re1 ( 30.Qb5+ Kf8 31.Rgg1 ) a4+ 31.Kb4
Rxb2+ 0-1

[Event "Clark Harmon Memorial"]
[Site "Seattle, WA"]
[Date "2016.04.09"]
[Round "2"]
[White "Little Jack  (WA)"]
[Black "Varner Murlin  (WA)"]
[Result "0-1"]
[WhiteElo "1307"]
[BlackElo "1596"]
[Annotator ""]
[Source ""]
[Remark "Reserve"]

1.e4 e6 2.d4 d5 3.exd5 exd5 4.c4 Nf6 5.Nc3 Bb4 6.Bg5 O-O 7.cxd5
Bxc3+ 8.bxc3 Qe8+ 9.Be2 Nxd5 10.c4 Nc3 11.Qd3 Ne4 12.Be3 Bf5
13.Qb3 b6 14.Nf3 Nd7 15.O-O c5 16.d5 Ne5 17.Nh4 Nd6 18.Nxf5 Nxf5
19.Bf4 Nd4 20.Qe3 Nxe2+ 21.Qxe2 Ng6 22.Qxe8 Rfxe8 23.Bg3 Re4
24.Rac1 f5 25.Rfe1 {?} Rxe1+ 26.Rxe1 f4 27.Bxf4 Nxf4 28.Re7 Ng6
29.Rc7 Ne5 30.d6 Rd8 31.f4 Nxc4 32.d7 Nd6 33.Rxa7 Kf8 34.g3 Ke7
35.Ra6 b5 36.a4 bxa4 37.Rxa4 Rxd7 38.Kg2 c4 39.Ra3 Rb7 40.Kh3
Rb3 41.Ra2 c3 42.Rc2 Nb5 43.Rc1 Rb2 44.Re1+ Kf6 45.g4 c2 46.g5+
Kf7 47.Kh4 Rb1 48.Rxb1 cxb1Q 49.h3 g6 50.f5 Qxf5 51.Kg3 Nd4 52.Kh4
Qf4# 0-1

[Event "Clark Harmon Memorial"]
[Site "Seattle, WA"]
[Date "2016.04.09"]
[Round "3"]
[White "Varner Murlin  (WA)"]
[Black "Puri Raghav  (WA)"]
[Result "1-0"]
[WhiteElo "1596"]
[BlackElo "783"]
[Annotator ""]
[Source ""]
[Remark "Reserve"]

1.c4 e5 2.Nc3 Nf6 3.g3 Bb4 4.Bg2 O-O 5.Nf3 Nc6 6.O-O d6 7.d3
Be6 8.Bg5 h6 9.Bxf6 Qxf6 10.Ne4 Qd8 11.a3 Bc5 12.b4 Bd4 13.Rb1
Rb8 14.e3 Bb6 15.a4 a6 16.Qc2 Qd7 17.Rfd1 Ne7 18.a5 Ba7 19.b5
axb5 20.cxb5 Bc5 {?} 21.Nxc5 dxc5 22.Nxe5 Qc8 23.Qxc5 Qd8 24.Rdc1
b6 25.Qxc7 Rc8 26.Qxd8 Rxc1+ 27.Rxc1 Rxd8 28.a6 Nd5 29.Nc6 Ra8
30.Bxd5 Bxd5 31.Ne7+ Kh7 32.Nxd5 Rd8 33.Nxb6 Rxd3 34.a7 Ra3 35.a8Q
Rxa8 36.Nxa8 1-0

[Event "Clark Harmon Memorial"]
[Site "Seattle, WA"]
[Date "2016.04.09"]
[Round "2"]
[White "Hyman John  (WA)"]
[Black "Davies Cedric  (WA)"]
[Result "0-1"]
[WhiteElo "1516"]
[BlackElo "1672"]
[Annotator ""]
[Source ""]
[Remark "Reserve"]

1.e4 e6 2.d4 d5 3.Nc3 Bb4 4.Bd3 dxe4 5.Bxe4 Nf6 6.Bf3 c5 7.dxc5
Bxc3+ 8.bxc3 Qa5 9.Ne2 Qxc5 10.Be3 Qc7 11.O-O O-O 12.Bg5 Nbd7
13.Bf4 e5 14.Bg3 Qa5 15.Qd3 Re8 16.Qf5 Nf8 17.Qg5 h6 18.Qh4 e4
19.Nf4 exf3 20.c4 fxg2 21.Kxg2 Bd7 22.Rg1 Bc6+ 23.f3 Qd2+ 24.Bf2
g5 25.Qxh6 Qxf4 26.Kf1 Qxc4+ 27.Kg2 Qf4 28.Kf1 Bb5+ 29.Kg2 Be2
30.Qh3 Ng6 31.Rae1 Kg7 0-1

[Event "Clark Harmon Memorial"]
[Site "Seattle, WA"]
[Date "2016.04.09"]
[Round "2"]
[White "Seshadri Sridhar  (WA)"]
[Black "Rupel David  (WA)"]
[Result "0-1"]
[WhiteElo "1649"]
[BlackElo "2061"]
[Annotator ""]
[Source ""]
[Remark "Open"]

1.d4 Nf6 2.Nf3 c5 3.e3 e6 4.c3 d5 5.Bb5+ Nbd7 6.O-O Qc7 7.h3
Bd6 8.Nbd2 O-O 9.Bd3 Qc6 10.Re1 e5 11.dxe5 Nxe5 12.Nxe5 Bxe5
13.Nf3 Bc7 14.a4 Ne4 15.Qc2 Qg6 16.Kh1 Qf6 17.Bf1 Re8 18.Qe2
Qd6 19.g3 Qh6 20.Kh2 Bg4 21.Bg2 Ng5 22.h4 Qh5 23.Qb5 Nxf3+ 24.Bxf3
Bxf3 25.Qxb7 Qxh4+ 0-1

[Event "Clark Harmon Memorial"]
[Site "Seattle, WA"]
[Date "2016.04.09"]
[Round "1"]
[White "Rowles Stephen  (WA)"]
[Black "Pupols Viktors  (WA)"]
[Result "1-0"]
[WhiteElo "1873"]
[BlackElo "2200"]
[Annotator ""]
[Source ""]
[Remark "Open"]

1.d4 Nf6 2.c4 d6 3.Nc3 Bf5 4.f3 e5 5.dxe5 dxe5 6.Qxd8+ Kxd8 7.e4
Be6 8.Be3 c6 9.O-O-O+ Kc7 10.a3 Nfd7 11.f4 f6 12.Nf3 Bg4 13.Be2
Bc5 14.Bxc5 Nxc5 15.fxe5 Bxf3 16.Bxf3 fxe5 17.Kc2 Ne6 18.Ne2
Nd7 19.Bg4 Rae8 20.Rhf1 Nf6 21.Bf5 Re7 22.Bxe6 Rxe6 23.Ng3 Rd8
24.Rxd8 Kxd8 25.Rd1+ Kc7 26.h3 Nd7 27.Rf1 Rg6 28.Rf3 Nc5 29.b4
Ne6 30.Rf7+ Kb6 31.c5+ Ka6 32.Nf5 Rxg2+ 33.Kb3 Rh2 34.a4 Nd4+
35.Kc4 {=} ( 35.Nxd4 exd4 36.Kc4 ) b5+ {?} ( 35...Rc2+ 36.Kd3
{=} ) 36.cxb6 {+-} Nxf5 37.bxa7 Nd6+ 38.Kd3 Rxh3+ 39.Ke2 Rh2+
40.Kf3 Nxf7 41.a8Q+ Kb6 42.Qb8+ Ka6 43.a5 1-0

[Event "Clark Harmon Memorial"]
[Site "Seattle, WA"]
[Date "2016.04.09"]
[Round "1"]
[White "Rupel David  (WA)"]
[Black "Lee Addison  (WA)"]
[Result "0-1"]
[WhiteElo "2061"]
[BlackElo "1734"]
[Annotator ""]
[Source ""]
[Remark "Open"]

1.d4 d5 2.Nf3 Nf6 3.c4 c6 4.e3 a6 5.a3 Bf5 6.Nc3 e6 7.Be2 Bd6
8.Ne5 Nbd7 9.f4 Ne4 10.O-O Nxc3 11.bxc3 O-O 12.Bd3 Bxd3 13.Qxd3
Nf6 14.cxd5 cxd5 15.c4 Rc8 16.cxd5 exd5 17.Bd2 Ne4 18.Rfb1 Qc7
19.Rc1 Qe7 20.Rxc8 Rxc8 21.Rc1 Rxc1+ 22.Bxc1 Qc7 23.Bb2 f6 24.Qb3
Qa5 25.Nf3 Qb5 26.Qxb5 axb5 27.Kf1 b4 28.axb4 Bxb4 29.Ke2 Kf7
30.g4 Ke6 31.h4 Kd6 32.h5 Kc6 33.Nh4 Bf8 34.Nf3 Kb5 35.Nd2 Nxd2
36.Kxd2 Kc4 37.Kc2 b5 38.Bc1 Bb4 39.Bb2 Be1 40.Kd1 Bc3 41.Ba3
b4 42.Bxb4 Bxb4 43.Ke2 Ba5 44.e4 Kxd4 45.exd5 Kxd5 46.Kf3 g5 0-1

[Event "Clark Harmon Memorial"]
[Site "Seattle, WA"]
[Date "2016.04.09"]
[Round "1"]
[White "Davies Cedric  (WA)"]
[Black "Jiang Brandon  (WA)"]
[Result "0-1"]
[WhiteElo "1672"]
[BlackElo "1347"]
[Annotator ""]
[Source ""]
[Remark "Reserve"]

1.e4 e5 2.Nf3 Nc6 3.Nc3 Nf6 4.d4 exd4 5.Nd5 d6 6.Bc4 Ne5 7.Qxd4
c5 8.Bb5+ Bd7 9.Nxf6+ Qxf6 10.Bxd7+ Nxd7 11.Qd5 Rb8 12.O-O Nb6
13.Qd3 Qe6 14.Bf4 Be7 15.b3 O-O 16.c4 Rbd8 17.Rad1 Nc8 18.Rfe1
Rfe8 19.Qc2 Bf6 20.Re2 h6 21.h3 Re7 22.e5 Rde8 23.Rde1 dxe5 24.Bxe5
Bxe5 25.Rxe5 Qf6 26.Rxe7 Rxe7 27.Rxe7 Nxe7 28.Qe4 Nc6 29.Kh2
Qd6+ 30.g3 Qe7 31.Qd3 Nb4 32.Qd2 Kh7 33.a3 Nc6 34.Qd3+ Kh8 35.Kg2
Qf6 36.Qd7 b6 37.Qd5 Kh7 38.Qe4+ Kg8 39.Qd5 a6 40.Qd7 {??} Qxf3+
41.Kxf3 Ne5+ 42.Ke4 Nxd7 43.Kd5 Kf8 44.Kc6 Ke7 45.Kc7 a5 46.Kc6
Ke6 47.Kc7 Ke7 48.Kc6 Kd8 49.Kb7 f5 50.h4 g5 51.hxg5 hxg5 52.f4
gxf4 53.gxf4 Ke7 54.Kc7 Ke6 55.Kc6 Ne5+ 56.Kxb6 Nd3 57.Kxa5 Nxf4
58.Kb6 Nd3 59.a4 f4 60.a5 Nb4 0-1

[Event "Clark Harmon Memorial"]
[Site "Seattle, WA"]
[Date "2016.04.09"]
[Round "2"]
[White "Yang Richard  (WA)"]
[Black "Bosch Dustin E  (WA)"]
[Result "0-1"]
[WhiteElo "1635"]
[BlackElo "1686"]
[Annotator ""]
[Source ""]
[Remark "Reserve"]

1.e4 e5 2.Nf3 Nf6 3.Nc3 Nc6 4.Bb5 d6 5.d4 Bd7 6.d5 Ne7 7.Bxd7+
Qxd7 8.Bg5 O-O-O 9.O-O h6 10.Be3 a6 11.a4 Nh5 12.Bd2 f5 13.exf5
Nxf5 14.b4 b6 15.Qe2 Kb7 16.a5 b5 17.Ne4 Nf6 18.c4 c6 19.Nxf6
gxf6 20.dxc6+ Qxc6 21.cxb5 axb5 22.Rfc1 Qd7 23.a6+ Ka7 24.Be3+
Nxe3 25.Qxe3+ Ka8 26.Qb6 Rb8 27.Qc6+ Qxc6 28.Rxc6 Be7 29.Nh4
Rhc8 30.Rac1 Rxc6 31.Rxc6 d5 32.g3 d4 33.Nf5 Bxb4 34.Nxh6 d3
35.Kf1 d2 36.Ke2 Ka7 37.Ng4 Rd8 38.Kd1 Rd3 39.Rxf6 Ra3 40.Ke2
Ra1 41.Ne3 Re1+ 42.Kf3 Rxe3+ 43.Kxe3 d1Q 44.h4 Qd4+ 45.Kf3 e4+
46.Kg4 Qxf6 47.h5 Be7 48.Kh3 Qg5 49.h6 Qxh6+ 50.Kg2 Qh5 51.Kg1
Bc5 52.Kf1 Qf3 53.Ke1 Qxf2+ 54.Kd1 e3 55.Kc1 Ba3+ 56.Kb1 Qb2# 0-1

[Event "Clark Harmon Memorial"]
[Site "Seattle, WA"]
[Date "2016.04.09"]
[Round "2"]
[White "Pupols Viktors  (WA)"]
[Black "Puri Ishaan  (WA)"]
[Result "1/2-1/2"]
[WhiteElo "2200"]
[BlackElo "1741"]
[Annotator ""]
[Source ""]
[Remark "Open"]

1.d4 Nf6 2.c4 g6 3.Nc3 Bg7 4.e4 d6 5.Nf3 O-O 6.Be2 c5 7.d5 e6
8.O-O exd5 9.exd5 Bg4 10.Nd2 Bxe2 11.Qxe2 Re8 12.Qd3 Qe7 13.Nf3
a6 14.Bg5 Qc7 15.a4 b6 16.a5 bxa5 17.Bd2 Nbd7 18.Nd1 Rab8 19.Bxa5
Qb7 20.Bc3 Ng4 21.Bxg7 Kxg7 22.Qc3+ Kg8 23.Nd2 Nge5 24.f4 Ng4
25.h3 Ngf6 26.Qd3 Ra8 27.Nc3 Qc7 28.b3 Qd8 29.Nf3 Nb6 30.Ra2
Qe7 31.Re1 Qb7 32.Rea1 Nh5 33.f5 Nd7 34.fxg6 hxg6 35.Ne4 Qb6
36.Nf2 Ne5 37.Nxe5 Rxe5 38.Ng4 Ree8 39.Qc3 Kh7 40.Nf6+ Nxf6 41.Qxf6
Kg8 42.Rf2 Qc7 43.Raf1 Ra7 44.Qa1 Qd8 45.Ra2 Qg5 46.Kh2 Re3 47.Qf6
Qe5+ 48.Qxe5 dxe5 49.Rf3 Rxf3 50.gxf3 f5 51.Ra5 Rb7 52.Rxa6 Rxb3
53.Rxg6+ Kf7 54.Re6 Rxf3 55.Rxe5 Rf4 56.Kg3 Rxc4 57.Rxf5+ Ke7
58.h4 Rc3+ 59.Rf3 Rc1 60.h5 Rh1 1/2-1/2

[Event "Clark Harmon Memorial"]
[Site "Seattle, WA"]
[Date "2016.04.09"]
[Round "3"]
[White "Juchau Dave  (WA)"]
[Black "Hyman John  (WA)"]
[Result "1-0"]
[WhiteElo "1667"]
[BlackElo "1516"]
[Annotator ""]
[Source ""]
[Remark "Reserve"]

1.e4 e5 2.Nc3 Nc6 3.f4 exf4 4.Nf3 Be7 5.h4 Nf6 6.Bc4 d6 7.d4
Bg4 8.Bxf4 Nh5 9.Bxf7+ Kxf7 10.Ng5+ Ke8 11.Qxg4 Nf6 12.Qh3 Nxd4
13.O-O-O Nh5 14.Be3 h6 15.Ne6 Nxe6 16.Qxe6 Nf6 17.Qf5 Qd7 18.Qg6+
Kf8 19.Rdf1 Kg8 20.Nd5 Nxd5 21.Rf7 Nf6 22.Qxg7# 1-0

[Event "Clark Harmon Memorial"]
[Site "Seattle, WA"]
[Date "2016.04.09"]
[Round "3"]
[White "Tien Andy  (WA)"]
[Black "Zhang Kyle  (WA)"]
[Result "0-1"]
[WhiteElo "1323"]
[BlackElo "1349"]
[Annotator ""]
[Source ""]
[Remark "Reserve"]

1.e4 e5 2.Nf3 Nc6 3.Bc4 Bc5 4.c3 Nf6 5.d4 exd4 6.cxd4 Bb4+ 7.Bd2
Bxd2+ 8.Nbxd2 d5 9.exd5 Nxd5 10.O-O O-O 11.Rc1 Nb6 12.Bb3 a5
13.a4 Nb4 14.Ne4 Re8 15.Ne5 Be6 16.Ng5 Qxg5 17.Rxc7 Re7 18.Rc5
Qf6 19.f4 Bxb3 20.Qxb3 Qd6 21.d5 N6xd5 22.Rfc1 Nb6 23.Qc3 h6
24.Nc4 Qxc5+ 0-1

[Event "Clark Harmon Memorial"]
[Site "Seattle, WA"]
[Date "2016.04.09"]
[Round "3"]
[White "Hasuike Mike  (OR)"]
[Black "Yang Richard  (WA)"]
[Result "0-1"]
[WhiteElo "1500"]
[BlackElo "1635"]
[Annotator ""]
[Source ""]
[Remark "Reserve"]

1.d4 d5 2.e3 Nf6 3.Bd3 e6 4.Nd2 c5 5.c3 Nc6 6.f4 Bd6 7.Qf3 O-O
8.Nh3 Qe7 9.O-O Re8 10.Re1 a6 11.Nf1 b5 12.Nf2 Bb7 13.g4 h6 14.Ng3
Nh7 15.Bxh7+ Kxh7 16.g5 Rg8 17.h4 Raf8 18.Qh5 cxd4 19.cxd4 Rh8
20.Bd2 Kg8 21.Qg4 hxg5 22.hxg5 f5 23.gxf6 Rxf6 24.Kg2 Rfh6 25.Rh1
Qf7 26.Rxh6 Rxh6 27.Rh1 Rxh1 28.Kxh1 Qf6 29.Nh5 Qh6 30.Kg2 Kf7
31.Nd3 Qg6 32.Qxg6+ Kxg6 33.Ng3 Ne7 34.Ne5+ Bxe5 35.fxe5 Nf5
36.Nxf5 Kxf5 37.Kf3 Bc6 38.Be1 Be8 39.e4+ dxe4+ 40.Ke3 Bc6 41.a3
Kg4 42.Kf2 Kh3 43.Kg1 g5 44.Bd2 g4 45.Be3 Kg3 46.Kf1 Kf3 47.Bg1
g3 48.b4 Bd5 49.Ke1 Kg2 50.Be3 Kh1 0-1

[Event "Clark Harmon Memorial"]
[Site "Seattle, WA"]
[Date "2016.04.09"]
[Round "3"]
[White "Bosch Dustin E  (WA)"]
[Black "Truelson Joseph  (WA)"]
[Result "1/2-1/2"]
[WhiteElo "1686"]
[BlackElo "1799"]
[Annotator ""]
[Source ""]
[Remark "Reserve"]

1.e4 e5 2.Nf3 Nf6 3.Nxe5 d6 4.Nf3 Nxe4 5.d4 d5 6.Bd3 Be7 7.c4
Nc6 8.O-O Nb4 9.Nc3 Nxc3 10.bxc3 Nxd3 11.Qxd3 dxc4 12.Qxc4 O-O
13.Bf4 Bd6 14.Bxd6 Qxd6 15.Rfe1 Be6 16.Qb5 Bd5 17.Re3 a6 18.Qe2
Qf4 19.Re1 f6 20.a4 Bc6 21.Qa2+ Kh8 22.d5 Qxa4 23.Qxa4 Bxa4 24.Nd4
Bd7 25.Re7 Rae8 26.Kf1 Rd8 27.Ne6 Bxe6 28.R1xe6 Rxd5 29.Rxc7
Rb5 30.Ree7 Rg8 31.Rxb7 Rxb7 32.Rxb7 Rc8 33.Ke2 Kg8 34.Kd3 Rd8+
35.Kc2 Rd5 36.c4 Rg5 37.g3 Rh5 38.h4 Rf5 39.f4 g5 40.hxg5 fxg5
41.fxg5 Rxg5 42.Rb3 Rg4 43.Rc3 Kf7 44.Kb3 Ke7 45.Kb4 Kd7 46.Ra3
Rg6 47.Kc5 Kc7 48.Kd5 Rg5+ 49.Kd4 Kb6 50.Rb3+ Kc6 51.Ra3 Rg4+
52.Ke5 Kb6 53.Kd5 Rg5+ 54.Kd6 Rg6+ 55.Kd5 a5 56.c5+ Kb5 57.Rb3+
Ka4 58.Rb7 h5 59.c6 Rxg3 60.c7 Rc3 61.Kd6 Rd3+ 62.Ke6 Rc3 63.Kd7
Rd3+ 64.Kc8 h4 65.Kb8 Rc3 66.c8Q Rxc8+ 67.Kxc8 Ka3 68.Rh7 a4
69.Rxh4 Kb3 70.Kb7 a3 71.Kc6 a2 72.Rh1 Kb2 73.Kb5 a1Q 74.Rxa1
Kxa1 1/2-1/2

[Event "Clark Harmon Memorial"]
[Site "Seattle, WA"]
[Date "2016.04.10"]
[Round "3"]
[White "Lee Addison  (WA)"]
[Black "Shaji Karthik  (WA)"]
[Result "1/2-1/2"]
[WhiteElo "1734"]
[BlackElo "1928"]
[Annotator ""]
[Source ""]
[Remark "Open"]

1.d4 Nf6 2.c4 g6 3.Nc3 d5 4.cxd5 Nxd5 5.Bd2 Bg7 6.e4 Nb6 7.Be3
O-O 8.Nf3 Bg4 9.Be2 Nc6 10.d5 Na5 11.Bd4 Bxf3 12.Bxf3 e5 13.Bc5
Re8 14.Be2 Nac4 15.Qb3 Nd6 16.a4 Nbc8 17.O-O a6 18.a5 Qd7 19.f3
Ne7 20.Qb4 Rad8 21.Rac1 g5 22.Na4 Ng6 23.Bxd6 cxd6 24.Nb6 Qe7
25.Qd2 Nf4 26.Rc3 Qf6 27.Rc7 Re7 28.Rfc1 h6 29.R1c2 g4 30.Qd1
Nxe2+ 31.Qxe2 gxf3 32.Qxf3 1/2-1/2

[Event "Clark Harmon Memorial"]
[Site "Seattle, WA"]
[Date "2016.04.10"]
[Round "3"]
[White "Rowles Stephen  (WA)"]
[Black "Rupel David  (WA)"]
[Result "0-1"]
[WhiteElo "1873"]
[BlackElo "2061"]
[Annotator ""]
[Source ""]
[Remark "Open"]

1.d4 Nf6 2.c4 e6 3.Nf3 Ne4 4.a3 d5 5.Qc2 c6 6.e3 Nd7 7.Nc3 f5
8.Bd3 Bd6 9.c5 Bc7 10.b4 a6 11.Bb2 O-O 12.g3 e5 13.dxe5 Nxe5
14.Nxe5 Bxe5 15.Bxe4 fxe4 16.O-O-O Qf6 17.Rd2 Bh3 18.Nd1 a5 19.b5
Bg4 20.h3 Bf3 21.Rg1 Qe6 22.Qa4 Rfc8 23.b6 Bxb2+ 24.Kxb2 Qxh3
25.Qd4 Qh2 26.Rf1 Qh5 27.Qc3 Be2 28.Re1 Bb5 29.Kc1 a4 30.Nb2
Rf8 31.Qc2 Rf3 32.Nd1 Bc4 33.Nc3 Bb3 34.Qb2 Ra5 35.Ne2 Rxc5+
36.Kb1 Rxf2 37.Nf4 Rxd2 38.Qxd2 Qe5 39.Rc1 Rb5 0-1

[Event "Clark Harmon Memorial"]
[Site "Seattle, WA"]
[Date "2016.04.10"]
[Round "4"]
[White "Hyman John  (WA)"]
[Black "Little Jack  (WA)"]
[Result "0-1"]
[WhiteElo "1516"]
[BlackElo "1323"]
[Annotator ""]
[Source ""]
[Remark "Reserve"]

1.e4 e5 2.Nf3 Nc6 3.Bc4 Bc5 4.d3 Nf6 5.O-O d6 6.Nc3 Bg4 7.h3
Bh5 8.Be3 Nd4 9.Bxd4 Bxd4 10.Rb1 c6 11.a3 O-O 12.Na2 a5 13.c3
Bb6 14.Bb3 Qc7 15.Qe2 Rfe8 16.Qd2 d5 17.Bc2 Bg6 18.Nh4 dxe4 19.Nxg6
exd3 20.Qxd3 hxg6 21.Qg3 Rad8 22.Bb3 Ne4 23.Qxg6 Nd2 24.Qg3 Nxb3
25.Rbc1 Nxc1 26.Nxc1 Rd2 27.c4 Bxf2+ 0-1

[Event "Clark Harmon Memorial"]
[Site "Seattle, WA"]
[Date "2016.04.10"]
[Round "4"]
[White "Piper August  (WA)"]
[Black "Bosch Dustin E  (WA)"]
[Result "0-1"]
[WhiteElo "1500"]
[BlackElo "1686"]
[Annotator ""]
[Source ""]
[Remark "Reserve"]

1.g3 d5 2.Nf3 c5 3.c4 d4 4.e3 dxe3 5.fxe3 Nc6 6.Bg2 e5 7.Nc3
Bg4 8.h3 Bf5 9.e4 Be6 10.d3 Qd7 11.Ng5 O-O-O 12.Nd5 Be7 13.h4
Nd4 14.Be3 Bxg5 15.hxg5 Bg4 16.Qxg4 Qxg4 17.Bh3 Qxh3 18.Rxh3
Nc2+ 19.Kd2 Nxa1 20.Bxc5 b6 21.Bb4 f6 22.Ne7+ Nxe7 23.Bxe7 Rde8
24.gxf6 gxf6 25.Bxf6 Rhf8 26.Bg7 Rf2+ 27.Ke3 Rxb2 28.Rxh7 Nc2+
29.Kf3 Nd4+ 30.Kg4 Rg8 31.Kg5 Ne6+ 32.Kf6 Rxg7 0-1

[Event "Clark Harmon Memorial"]
[Site "Seattle, WA"]
[Date "2016.04.10"]
[Round "4"]
[White "Puri Raghav  (WA)"]
[Black "Hasuike Mike  (OR)"]
[Result "0-1"]
[WhiteElo "783"]
[BlackElo "1500"]
[Annotator ""]
[Source ""]
[Remark "Reserve"]

1.e4 Nf6 2.Nc3 d5 3.e5 d4 4.Na4 Ng4 5.Nf3 Nc6 6.Bb5 Qd5 7.Qe2
Be6 8.c4 dxc3 9.bxc3 O-O-O 10.c4 Qd3 11.Qxd3 Rxd3 12.Nc5 Rd8
13.Rb1 Bf5 14.Rb2 Ncxe5 15.Nxe5 Nxe5 16.O-O e6 17.d4 Bxc5 18.dxc5
c6 19.Bf4 Nd3 20.Rb3 Nxf4 21.Ba4 Bc2 22.Ra3 Bxa4 23.Rxa4 a6 24.Rb1
Ne2+ 25.Kf1 Nc3 26.Rab4 Nxb1 27.Rxb1 Rd2 28.Ra1 Rhd8 29.a4 Rd1+
30.Rxd1 Rxd1+ 31.Ke2 Ra1 32.f3 Rxa4 33.Ke3 Ra2 34.g3 Rxh2 35.Ke4
a5 36.f4 h5 37.f5 exf5+ 38.Kxf5 a4 39.Ke5 Kd7 40.Kd4 a3 0-1

[Event "Clark Harmon Memorial"]
[Site "Seattle, WA"]
[Date "2016.04.10"]
[Round "4"]
[White "Davies Cedric  (WA)"]
[Black "Beck Alec  (WA)"]
[Result "0-1"]
[WhiteElo "1672"]
[BlackElo "1546"]
[Annotator ""]
[Source ""]
[Remark "Reserve"]

1.e4 e6 2.d4 d5 3.Nd2 Nf6 4.e5 Nfd7 5.Ngf3 c5 6.c3 Nc6 7.Bd3
Qb6 8.O-O cxd4 9.cxd4 Nxd4 10.Nxd4 Qxd4 11.Nf3 Qb6 12.Qa4 Bc5
13.Qg4 g6 14.Bh6 Qxb2 15.Qf4 Qb4 16.Qg3 Be7 17.Rab1 Qa3 18.Bb5
Qxa2 19.Qf4 Qc2 20.g4 Qe4 21.Qg3 g5 22.Nxg5 Qg6 23.Qf4 Bxg5 24.Bxg5
Rg8 25.Bf6 Qxg4+ 26.Qxg4 Rxg4+ 27.Kh1 a6 28.Bxd7+ Kxd7 29.Rg1
Rxg1+ 30.Rxg1 a5 31.Rg7 a4 32.Rxf7+ Kc6 33.Be7 a3 34.Bxa3 Rxa3
35.Rxh7 d4 36.Kg2 d3 37.Kf3 d2+ 38.Ke2 Rd3 39.Kd1 b5 40.Ra7 Bd7
41.Ra2 Be8 42.Rxd2 Rxd2+ 43.Kxd2 Bg6 0-1

[Event "Clark Harmon Memorial"]
[Site "Seattle, WA"]
[Date "2016.04.10"]
[Round "4"]
[White "Rowles Stephen  (WA)"]
[Black "Lee Addison  (WA)"]
[Result "1-0"]
[WhiteElo "1873"]
[BlackElo "1734"]
[Annotator ""]
[Source ""]
[Remark "Open"]

1.d4 d5 2.c4 c6 3.Nf3 Nf6 4.e3 a6 5.Nc3 Bf5 6.Be2 e6 7.O-O Bd6
8.c5 Bc7 9.Bd2 Nbd7 10.Rc1 O-O 11.Nh4 Bg6 12.Nxg6 hxg6 13.f4
Ne4 14.Nxe4 dxe4 15.Qc2 Nf6 16.g4 g5 17.fxg5 Nd5 18.h4 Bg3 19.Qxe4
Bxh4 20.g6 Qc7 21.gxf7+ Rxf7 22.Rxf7 Qg3+ 23.Qg2 Qxg2+ 24.Kxg2
Kxf7 25.e4 Nc7 26.Rf1+ Kg8 27.g5 Rf8 28.Bc4 Rxf1 29.Kxf1 Kf7
30.Bf4 Nb5 31.d5 exd5 32.exd5 Ke7 33.d6+ Kd7 34.Be3 Nxd6 35.cxd6
Kxd6 36.Bf4+ Kc5 37.Be6 b5 38.Ke2 a5 39.Kf3 a4 40.Kg4 Bf2 41.Be5
Bd4 42.Bxd4+ Kxd4 43.Kf5 b4 44.Kg6 c5 45.Kxg7 c4 46.g6 a3 47.bxa3
c3 48.Bb3 bxa3 49.Kf7 Kd3 50.g7 c2 51.Bxc2+ Kxc2 52.g8Q Kb1 53.Kf6
Ka1 54.Qg2 Kb1 55.Ke5 1-0

[Event "Clark Harmon Memorial"]
[Site "Seattle, WA"]
[Date "2016.04.10"]
[Round "5"]
[White "Buck Stephen  (WA)"]
[Black "Bosch Dustin E  (WA)"]
[Result "1-0"]
[WhiteElo "1700"]
[BlackElo "1686"]
[Annotator ""]
[Source ""]
[Remark "Reserve"]

1.c4 c5 2.Nc3 Nc6 3.Nf3 Nf6 4.g3 d6 5.Bg2 g6 6.O-O Bg7 7.d3 O-O
8.Rb1 e6 9.a3 Qd7 10.b4 Rb8 11.b5 Ne7 12.Bd2 b6 13.Qc1 Bb7 14.Bh6
d5 15.Bxg7 Kxg7 16.cxd5 Nfxd5 17.Nxd5 Bxd5 18.Qb2+ f6 19.Rfd1
e5 20.Nh4 Qd6 21.Bxd5 Nxd5 22.Nf3 Rfd8 23.Nd2 Rb7 24.Rdc1 Re7
25.Ne4 Qe6 26.Rc4 Nc7 27.Nd2 Kf7 28.Qc1 Rd4 29.a4 Ne8 30.Ra1
Nd6 31.Rc2 e4 32.dxe4 Nxe4 33.Nxe4 Qxe4 34.Qb2 Red7 35.Rcc1 Kg7
36.e3 Rd2 37.Qb3 Qf3 38.Rf1 R7d3 39.Qe6 c4 40.Qxc4 Rxe3 41.Qc7+
Kh6 42.Qxa7 Red3 43.Qxb6 Rd1 44.Raxd1 Rxd1 45.Qe3+ Qxe3 46.fxe3 1-0

[Event "Clark Harmon Memorial"]
[Site "Seattle, WA"]
[Date "2016.04.10"]
[Round "5"]
[White "Hasuike Mike  (OR)"]
[Black "Zhang Kyle  (WA)"]
[Result "1/2-1/2"]
[WhiteElo "1500"]
[BlackElo "1254"]
[Annotator ""]
[Source ""]
[Remark "Reserve"]

1.d4 d5 2.e3 Nf6 3.Bd3 Nc6 4.f4 Bg4 5.Nf3 e6 6.Nbd2 Be7 7.O-O
O-O 8.c3 Re8 9.Qc2 Bh5 10.Ne5 Bg6 11.Nxg6 hxg6 12.e4 dxe4 13.Nxe4
Qd7 14.Be3 Rad8 15.Rad1 Nxe4 16.Bxe4 f5 17.Bf3 Bf6 18.d5 exd5
19.Bxd5+ Kf8 20.Bc5+ Be7 21.Qf2 Bxc5 22.Qxc5+ 1/2-1/2

[Event "Clark Harmon Memorial"]
[Site "Seattle, WA"]
[Date "2016.04.10"]
[Round "5"]
[White "Cordero Rowland  (WA)"]
[Black "Davies Cedric  (WA)"]
[Result "0-1"]
[WhiteElo "1562"]
[BlackElo "1672"]
[Annotator ""]
[Source ""]
[Remark "Reserve"]

1.e4 e6 2.d3 d5 3.Nd2 c5 4.Ngf3 Nc6 5.g3 Nf6 6.Bg2 Be7 7.O-O
Qc7 8.Re1 b6 9.Nf1 dxe4 10.dxe4 Bb7 11.c4 Rd8 12.Qc2 h6 13.h4
Nb4 14.Qe2 Nd3 15.Rd1 Nxc1 16.Raxc1 Bxe4 17.Rxd8+ Bxd8 18.N3d2
Bxg2 19.Kxg2 O-O 20.Rd1 Be7 21.Nh2 Rd8 22.Ndf3 Rd7 23.Rxd7 Qxd7
24.Qd2 Qxd2 25.Nxd2 Kf8 26.Nhf3 Bd6 27.Nb1 Ne4 28.Nbd2 Nxd2 29.Nxd2
f5 30.h5 Ke7 31.f3 Kf6 32.g4 Kg5 33.b3 Kf4 34.gxf5 exf5 35.Nf1
Be5 36.Kf2 Kg5 37.Kg2 Bf4 38.Ng3 Bxg3 39.Kxg3 f4+ 40.Kh3 Kxh5
41.a3 a5 42.a4 g6 43.Kg2 Kh4 44.Kh2 g5 45.Kg2 h5 46.Kh2 g4 47.Kg2
gxf3+ 48.Kxf3 Kg5 49.Kf2 Kg4 50.Kg2 h4 51.Kf2 h3 52.Kg1 Kg3 0-1